000 01172nam a2200349 c 4500
001 2442
003 ES-MaCES
005 20150929135543.0
008 941220s1994 sp ||| | spa d
035 _aCES19980024613m
040 _aES-MaCES
_bspa
_cES-MaCES
245 0 0 _aInforme a iniciativa propia IPP 13/94
_b: sobre la aplicación del Fondo de Cohesión
_cConsejo Económico y Social, Comunidad de Castilla y León
260 _a[Valladolid?
_bs.n.
_c1994?]
300 _a6 h.
_c30 cm
500 _aTít. tomado de la cub.
541 _cGratuito
650 4 _aFondo de Cohesión
_931045
650 4 _aproyecto de desarrollo
_926655
650 4 _adesarrollo sostenible
_930785
650 4 _atransporte por carretera
_928054
650 4 _atransporte ferroviario
_928053
650 4 _ainfraestructura
_928025
650 4 _aCastilla y León
_930782
650 4 _ainforme
_928986
650 4 _a1994
_930780
653 1 0 _aDesarrollo regional
650 4 _926641
_aayuda económica
710 2 _aConsejo Económico y Social (Castilla y León)
_92405
902 _aDOC Literatura gris
942 _2CES
_cBK
_h1.1.
999 _c2442
_d2442